• 首页
  • 本馆介绍
  • 公告通知
  • 最新文献
  • 馆藏检索
  • 电子资源
  • 读者导购
  • 参考咨询
  • 我的图书馆
  • 登录
  • 详细信息显示
  • 放入我的书架
  • 预约/预借图书
  • 作者相关作品
  • 分类相关作品
  • 丛书相关作品
  • 出版社相关作品

书目信息

  • 表格格式
  • 工作单格式
  • 卡片格式
题名:
文化与哲学的探索
    
 
作者: 刘述先, 著
分册:  
出版信息: 长春   吉林出版集团有限责任公司  2012
页数: 10, 288页
开本: 23cm
丛书名: 儒学与当代书系
单 册:
中图分类: G02
科图分类:
主题词: 文化哲学--wen hua zhe xue--研究--中国
电子资源:
ISBN: 978-7-5463-7016-3
000 00893cam 2200277 45
001 012001003037
005 20131101131244.0
010    @a978-7-5463-7016-3@dCNY41.80
099    @aCAL 012012211532
100    @a20120606d2012 em y0chiy50 ea
101 0  @achi
102    @aCN@b220000
105    @ay z 000yy
106    @ar
200 1  @a文化与哲学的探索@Awen hua yu zhe xue de tan suo@f刘述先著
210    @a长春@c吉林出版集团有限责任公司@d2012
215    @a10, 288页@d23cm
225 2  @a儒学与当代书系@Aru xue yu dang dai shu xi
306    @a由学生书局授权
330    @a本书主要内容包括: 现代中国知识分子的困境、比较哲学信息的追寻、传统与现代化问题的探索。
410  0 @12001@a儒学与当代书系
606 0  @a文化哲学@Awen hua zhe xue@x研究@y中国
690    @aG02@v5
701  0 @a刘述先,@Aliu shu xian@f1934-@4著
801    @b江苏凤凰@c20191020
905    @b1231754-9@dG02@e125@f6
    
    文化与哲学的探索/刘述先著.-长春:吉林出版集团有限责任公司,2012
    10, 288页;23cm.-(儒学与当代书系)
    
    
    ISBN 978-7-5463-7016-3:CNY41.80
    本书主要内容包括: 现代中国知识分子的困境、比较哲学信息的追寻、传统与现代化问题的探索。
●
相关链接 在E读中查询图书 在五车中查询图书 在当当中查询图书 在豆瓣中查询图书


正题名:文化与哲学的探索     索取号:G02/125         预约/预借

序号 登录号 条形码 馆藏地/架位号 状态 备注
1 1231754   212317544   第一样本阅览室/ [索取号:G02/125] 在馆    
2 1231755   212317553   教育系资料室/ [索取号:G02/125] 在馆    
3 1231756   212317562   教育系资料室/ [索取号:G02/125] 在馆    
4 1231757   212317571   教育系资料室/ [索取号:G02/125] 在馆    
5 1231758   212317580   第四借阅区/ [索取号:G02/125] 在馆    
6 1231759   212317599   第四借阅区/ [索取号:G02/125] 在馆    
唐山师范学院图书馆 欢迎您!
大连网信软件有限公司© 版权所有